000
00223nam a22000857a 4500
008
160804b xxu||||| |||| 00| 0 eng d
100
_9
27
_a
Watt F
245
_a
The Usborne book of Art Ideas
260
_a
New Delhi
_b
Scholastic
_c
2004
999
_c
2677
_d
2677